00571nam a2200169Ia 4500003000900000008004100009020001800050040001600068080001600084245013600100260004600236300001400282650004100296650001900337650002200356700002300378IN-BaIIA211028s9999 xx 000 0 eng d a0-8165-0530-6 cIIA Library a523.45bJUP 0aJupiterbstudies of the interior, atmosphere, magnetosphere and satellitescedited by Tom Gehrels  aTucsonbUniversity of Arizona Pressc1976 ax, 1254p. aAstronomy and astrophysics thesaurus aPlanet jupiter aPlanetary systems aGehrels, Tom., ed.